Statistics for Joe Biden's Cabinet

Click here to take the quiz!

General Stats

  • This quiz has been taken 124 times
  • The average score is 10 of 16

Answer Stats

OfficeAnswer% Correct
Vice PresidentKamala Harris
100%
Secretary of StateAntony Blinken
82%
Secretary of the TreasuryJanet Yellen
78%
Secretary of TransportationPete Buttigieg
77%
Attorney GeneralMerrick Garland
76%
Secretary of DefenseLloyd Austin
70%
Secretary of the InteriorDeb Haaland
67%
Secretary of Housing and Urban DevelopmentMarcia Fudge
61%
Secretary of Homeland SecurityAlejandro Mayorkas
59%
Secretary of AgricultureTom Vilsack
53%
Secretary of CommerceGina Raimondo
51%
Secretary of LaborMarty Walsh
51%
Secretary of Health and Human ServicesXavier Becerra
51%
Secretary of EnergyJennifer Granholm
50%
Secretary of EducationMiguel Cardona
42%
Secretary of Veterans AffairsDenis McDonough
39%

Score Distribution

Percentile by Number Answered

Percent of People with Each Score

Your Score History

You have not taken this quiz